Arryn 101 - Statistics

General Stats
  • This quiz has been taken 659 times
    658 since last reset
  • The average score is 11 of 19
Answer Stats
Hint Answer % Correct
Lord Jon
99%
Wife of lord Lysa Tully
97%
Region The Vale
94%
Seat The Eyrie
93%
Heir Robert
92%
Coat of arms Moon and falcon
91%
Motto As High as Honour
84%
Overlord House Baratheon of King's Landing
75%
Title of Lord #1 Warden of the East
74%
Noteable sworn house #2 Royce
68%
Title of Lord #2 Lord of the Eyrie
64%
Noteable sworn house #1 Baelish
44%
Noteable sworn house #3 Corbray
37%
Title of Lord #5 Hand of the King
36%
Cadet branch and sworn noble house Arryn of Gulltown
33%
Title of Lord #3 Defender of the Vale
20%
Founder Ser Artys Arryn
20%
Title of Lord #4 (former) King of Mountain and Vale
18%
Noteable sworn house #4 Moore
12%
No matching quizzes found
Score Distribution
Percent of People with Each Score
Percentile by Number Answered
Your Score History
You have not taken this quiz since the last reset